[Event "Pige NM A"]
[Site "Jetsmark"]
[Date "2011.04.10"]
[Round "4"]
[White "Hansen, Caroline Lindberg"]
[Black "Loginger, Nicole"]
[Result "0-1"]
[WhiteElo "1585"]
[BlackElo "1753"]
[PlyCount "50"]
[EventDate "2011.04.08"]
[EventType "swiss"]
[EventRounds "5"]
[EventCountry "DEN"]
[SourceTitle "EXT 2023"]
[Source "ChessBase"]
[SourceDate "2022.10.05"]
[SourceVersion "1"]
[SourceVersionDate "2022.10.05"]
[SourceQuality "1"]

1. e4 e6 2. d4 d5 3. e5 c5 4. c3 Nc6 5. Nf3 Qb6 6. Be2 Nh6 7. Bxh6 Qxb2 8. Na3 Qxc3+ 9. Bd2 Qxa3 10. dxc5 Bxc5 11. 0-0 Nd4 12. Rc1 Nxe2+ 13. Qxe2 b6 14. Rc3 Ba6 15. Qd1 Qxa2 16. Re1 Bc4 17. Ng5 h6 18. Rh3 Rf8 19. Nh7 Rh8 20. Ng5 Ke7 21. Nxf7 Kxf7 22. Qf3+ Ke7 23. Bc3 Rhf8 24. Qg3 Bxf2+ 25. Qxf2 Qxf2+ 0-1